000 00502nam a22001937a 4500
003 OSt
005 20160727150428.0
008 121120t xxu||||| |||| 00| 0 eng d
020 _a0141314281
050 _aPZ 7
_b.M621 2002
082 _aKF
_bM58f 2002
100 _aMichael, Livi
_95869
245 _aFrank and the black hamster of Narkiz /
_cLivi Michael.
260 _aLondon :
_bPenguin Group.
_cc2002.
300 _a183 p.
_bill. ;
_c20 cm.
562 _e1
942 _2lcc
_cBK
999 _c1283
_d1283